Biodiversidad, agroecología, y manejo de plagas
Guardat en:
| Autor principal: | |
|---|---|
| Format: | Llibre |
| Idioma: | espanyol |
| Publicat: |
Valparaíso
CETAL
1992
|
| Matèries: | |
| Etiquetes: |
Afegir etiqueta
Sense etiquetes, Sigues el primer a etiquetar aquest registre!
|
MARC
| LEADER | 00000nam a2200000 a 4500 | ||
|---|---|---|---|
| 001 | UCX9866 | ||
| 003 | CL-VaPUC | ||
| 008 | 940630e19920000CL |||||||||||||||||spa|d | ||
| 082 | 0 | 4 | |a 630.2745 |b ALT |2 21 |
| 100 | 0 | |a Altieri, Miguel A |e author |9 327371 | |
| 245 | 1 | 0 | |a Biodiversidad, agroecología, y manejo de plagas |
| 300 | |a 162 p | ||
| 942 | |c BK | ||
| 945 | |d 19940630 00:00:00 |a mfernand | ||
| 260 | |a Valparaíso |b CETAL |c 1992 | ||
| 650 | 0 | |a Ecología agrícola |9 264266 | |
| 650 | 7 | |a DIVERSIDAD BIOLOGICA |2 CL-VaPUC |9 327372 | |
| 650 | 0 | |a Control de plagas |9 327373 | |
| 583 | |a last modification |c 19940630 00:00:00 |k Rodrigo Vera | ||
| 999 | |c 228992 |d 228990 | ||
| 952 | |0 0 |1 0 |4 0 |6 630_274500000000000_ALT_1992 |7 0 |8 A |9 229513 |a BIBAGR |b BIBAGR |d 2019-11-15 |i 2991667 |o 630.2745 ALT 1992 |p 2991667 |r 2025-01-20 |w 2019-11-15 |y BK |k AGR | ||